Alma mater aj s opicou

Bibliographic Details
Main Authors: Moravčík, Štefan, 1943- (Author), Erdélyi, Eman, 1972- (Author), Vadas, Marek, 1971- (Author)
Format: Article
Language:Slovak
Subjects:

MARC

LEADER 00000nab a2200000 a 4500
001 vtls000612415
003 SK-MaSNL
005 20260303014426.0
008 131021c1997 xo 0 slo
015 |a SNBRB19rr/mm-uuuuu 
035 |a CL0612554 
040 |a SNKBUCL  |b slo  |c SNKBUCL  |e AACR2 
041 0 |a slo 
044 |a xo  |c SK 
080 |a 82.09:885.4-3(048)  |2 1981 
080 |a 885.4-3(048)  |2 1981 
100 1 |a Moravčík, Štefan,  |d 1943-  |4 aut  |9 98697 
245 1 0 |a Alma mater aj s opicou  |c Štefan Moravčík 
650 0 7 |a satirické prózy  |2 snkbucl  |9 87871 
655 7 |a články z novín a časopisov  |2 snkbucl  |9 267496 
655 7 |a články z odboru literárna veda a krásna literatúra  |2 snkbucl  |9 770045 
700 1 |a Erdélyi, Eman,  |d 1972-  |4 aut  |9 20289 
700 1 |a Vadas, Marek,  |d 1971-  |4 aut  |9 102149 
773 0 |t Slovenské pohľady  |g Roč. 4+113, č. 1 (1997), s. 121-123 
787 0 8 |i Rec.:  |a Erdélyi, Eman  |t Univerzita  |d Levice : L.C.A., 1996 
850 |a Slovenská národná knižnica v Martine  |a MTA001 
852 |a SNK  |b KIS3GCP 
958 |a LX 
958 |a SK 
958 |a RK 
992 |a RBX 
999 |c 1607607  |d 1609537